[Event "16th WCh U20 Girls"]
[Site "Kozhikode IND"]
[Date "1998.11.24"]
[Round "7"]
[White "Le Thi Phuong Lien"]
[Black "Werner, Isabel"]
[Result "0-1"]
[WhiteElo "2135"]
[BlackElo "2195"]
[EventDate "1998.11.17"]
[PlyCount "152"]

1.e4 c5 2.d3 Nc6 3.g3 g6 4.Bg2 Bg7 5.Ne2 e6 6.f4 Nge7 7.c3 d5 8.e5 b6 9.
O-O Bb7 10.Be3 Qd7 11.d4 Nf5 12.Bf2 cxd4 13.cxd4 h5 14.h3 Rc8 15.Nbc3 Ba6 
16.a3 Na5 17.g4 hxg4 18.hxg4 Nh4 19.Bh1 Bc4 20.b4 Nc6 21.Qd2 Bf8 22.Rfe1 
Be7 23.Ng3 a5 24.b5 Na7 25.a4 Bb4 26.Re3 Kd8 27.Nh5 gxh5 28.Bxh4+ Kc7 29.
Bf6 Rhg8 30.g5 Kb8 31.Qh2 Rc7 32.Qxh5 Bb3 33.Ne2 Bc2 34.Rh3 Rgc8 35.Qf3 
Rc4 36.Rh8 Rxh8 37.Bxh8 Qc8 38.Bf6 Bf8 39.Qh5 Bg6 40.Qh8 Bd3 41.Bf3 Bxe2 
42.Bxe2 Rxd4 43.f5 Qc5 44.Kg2 Nc8 45.fxe6 fxe6 46.Rf1 Qc2 47.Rf2 Bc5 48.
Qh5 Rd2 49.g6 Bxf2 50.Kxf2 Rxe2+ 51.Qxe2 Qxg6 52.Qd1 Nd6 53.exd6 Qxf6+ 54.
Kg2 Qd8 55.Qg4 Qxd6 56.Qg8+ Kc7 57.Qf7+ Qd7 58.Qf4+ Kb7 59.Qd4 Qf7 60.Kg3 
Qg6+ 61.Kh3 Qe4 62.Qg7+ Kc8 63.Qe7 Qf5+ 64.Kg2 Qg6+ 65.Kf1 d4 66.Qd6 Qd3+ 
67.Kg2 Qe4+ 68.Kf2 Qe3+ 69.Kg2 d3 70.Qc6+ Kd8 71.Qd6+ Ke8 72.Qb8+ Kf7 73.
Qh8 Qe2+ 74.Kg3 d2 75.Qh7+ Kf6 76.Qh6+ Ke5 0-1

[Event "16th WCh U20 Girls"]
[Site "Kozhikode IND"]
[Date "1998.11.24"]
[Round "7"]
[White "Houska, Jovanka"]
[Black "Miloradovic, Jelena"]
[Result "1-0"]
[WhiteElo "2190"]
[BlackElo "2130"]
[EventDate "1998.11.17"]
[PlyCount "61"]

1.e4 e6 2.d4 d5 3.e5 c5 4.Nf3 Qb6 5.c3 Bd7 6.Be2 Bb5 7.O-O cxd4 8.Bxb5+ 
Qxb5 9.Nxd4 Qd7 10.f4 Nc6 11.Be3 Nge7 12.Nd2 Nxd4 13.Bxd4 h5 14.Bf2 Nf5 
15.Qe2 Be7 16.Rad1 b5 17.Nb3 g6 18.Nd4 Nxd4 19.Bxd4 Rc8 20.Qe3 a6 21.Rde1 
Qc6 22.b4 Rb8 23.Qg3 Bd8 24.f5 gxf5 25.Rxf5 Bb6 26.Rxf7 Bxd4+ 27.cxd4 Kxf7
28.Rf1+ Ke8 29.Qg7 Qb6 30.Qxh8+ Kd7 31.Qg7+ 1-0

[Event "16th WCh U20 Girls"]
[Site "Kozhikode IND"]
[Date "1998.11.24"]
[Round "7"]
[White "Bekiarisova, Alena"]
[Black "Kouvatsou, Maria"]
[Result "0-1"]
[WhiteElo "2175"]
[BlackElo "2120"]
[EventDate "1998.11.17"]
[PlyCount "138"]

1.e4 c5 2.Nf3 e6 3.d4 cxd4 4.Nxd4 Nf6 5.Nc3 d6 6.Be2 a6 7.a4 Nc6 8.Be3 Be7
9.O-O O-O 10.Nb3 b6 11.f4 Qc7 12.g4 Re8 13.g5 Nd7 14.Rf3 Bb7 15.Rh3 Nb4 
16.Bd3 Nf8 17.Qe2 Rab8 18.Rc1 Ba8 19.Bxa6 Nxa6 20.Qxa6 d5 21.e5 Nd7 22.Qd3
g6 23.Nd4 Nc5 24.Qe2 Qa7 25.b3 Qa5 26.Ncb5 Rbc8 27.Qg4 Ne4 28.Nd6 Nxd6 29.
exd6 Bxd6 30.Qh4 h5 31.gxh6 Be7 32.h7+ Kh8 33.Qh6 Bf6 34.Rg3 Bg7 35.Qh4 
Rc3 36.Rd1 Qb4 37.Nb5 Rxc2 38.Bxb6 Bc6 39.Bd4 Bxb5 40.Bxg7+ Kxg7 41.Rh3 
Qc5+ 42.Kh1 Qf8 43.axb5 Kh8 44.Qf6+ Qg7 45.Qxg7+ Kxg7 46.b6 Rc6 47.Ra1 
Rxb6 48.Ra7 Rh8 49.Rd7 Rb4 50.f5 gxf5 51.Rg3+ Rg4 52.Re3 Kf6 53.Rh3 Rg7 
54.b4 Rgxh7 55.Rxh7 Rxh7 56.b5 Rh3 57.b6 Rb3 58.b7 Rb2 59.h4 Kg6 60.Kg1 f4
61.Kf1 f6 62.Rd6 e5 63.Rxd5 Rxb7 64.Kf2 Rb3 65.Kg2 Kh5 66.Rd6 Rg3+ 67.Kf2 
Rg6 68.Kf3 Kxh4 69.Rd1 Rg3+ 0-1

[Event "16th WCh U20 Girls"]
[Site "Kozhikode IND"]
[Date "1998.11.24"]
[Round "7"]
[White "Shah, Pallavi G."]
[Black "Humpy, Koneru"]
[Result "1/2-1/2"]
[WhiteElo "2130"]
[BlackElo "2140"]
[EventDate "1998.11.17"]
[PlyCount "55"]

1.e4 c6 2.d4 d5 3.exd5 cxd5 4.c4 Nf6 5.Nc3 e6 6.Nf3 Bb4 7.cxd5 Nxd5 8.Bd2 
O-O 9.Bd3 Nc6 10.O-O Be7 11.Rc1 Ndb4 12.Bb1 Nxd4 13.Nxd4 Qxd4 14.Nb5 Qb6 
15.Nc7 Rb8 16.Bxh7+ Kxh7 17.Qh5+ Kg8 18.Be3 g6 19.Qh6 Qa5 20.Bd4 e5 21.Rc5
Bxc5 22.Nd5 Nxd5 23.Bxe5 f6 24.Qxg6+ Kh8 25.Qh6+ Kg8 26.Qg6+ Kh8 27.Qh6+ 
Kg8 28.Qg6+ 1/2-1/2

[Event "16th WCh U20 Girls"]
[Site "Kozhikode IND"]
[Date "1998.11.24"]
[Round "7"]
[White "Smajlovic, Lejla"]
[Black "Meenakshi, Subbaraman"]
[Result "0-1"]
[WhiteElo "2105"]
[BlackElo "2115"]
[EventDate "1998.11.17"]
[PlyCount "72"]

1.e4 e5 2.Nf3 Nc6 3.d4 exd4 4.Nxd4 Nf6 5.Nxc6 bxc6 6.e5 Qe7 7.Qe2 Nd5 8.c4
Nb6 9.Nd2 Qe6 10.b3 Bc5 11.Qe4 Bb4 12.Qe3 O-O 13.a3 Bxd2+ 14.Bxd2 Re8 15.
Be2 Ba6 16.Ra2 d5 17.O-O dxc4 18.bxc4 Nxc4 19.Qb3 Rab8 20.Qc2 Nxd2 21.Qxd2
Bxe2 22.Qxe2 Qxe5 23.Qxe5 Rxe5 24.Rc2 Re6 25.f3 Kf8 26.Rfc1 Rb6 27.Rc5 Ke7
28.Ra5 a6 29.Rc4 Re2 30.Kf1 Rd2 31.Rc1 Rbb2 32.Rxa6 Rf2+ 33.Ke1 Rxg2 34.
Kf1 Rxh2 35.Kg1 Rbg2+ 36.Kf1 Rc2 0-1

[Event "16th WCh U20 Girls"]
[Site "Kozhikode IND"]
[Date "1998.11.24"]
[Round "7"]
[White "Ramaswamy, Aarthie"]
[Black "Khamrakulova, Iroda"]
[Result "0-1"]
[WhiteElo "2035"]
[BlackElo "2145"]
[EventDate "1998.11.17"]
[PlyCount "79"]

1.e4 c5 2.Nf3 a6 3.c4 Nc6 4.d4 cxd4 5.Nxd4 Nf6 6.Nc3 d6 7.Be2 g6 8.Be3 Bg7
9.f3 O-O 10.Qd2 Qc7 11.O-O Ne5 12.b3 Bd7 13.Rac1 Rac8 14.Rfd1 Qb8 15.Kh1 
Nc6 16.Qb2 Rfe8 17.b4 Nxd4 18.Bxd4 b5 19.Nd5 e5 20.Nxf6+ Bxf6 21.Be3 Be6 
22.c5 dxc5 23.bxc5 Rc6 24.a3 Be7 25.Qb4 Qc7 26.a4 bxa4 27.Qxa4 Rc8 28.Rd2 
Qb7 29.Ra1 Bxc5 30.Bxc5 Rxc5 31.Bxa6 Ra8 32.h3 Qc7 33.Kh2 Rc6 34.Rad1 
Rcxa6 35.Rd8+ Rxd8 36.Rxd8+ Qxd8 37.Qxa6 Qf6 38.Qa8+ Kg7 39.Qa1 Qf4+ 40.
Kh1 0-1

[Event "16th WCh U20 Girls"]
[Site "Kozhikode IND"]
[Date "1998.11.24"]
[Round "7"]
[White "Dokmanovic, Nina"]
[Black "Riznar, Helena"]
[Result "1/2-1/2"]
[WhiteElo "2120"]
[BlackElo "2025"]
[EventDate "1998.11.17"]
[PlyCount "94"]

1.e4 c5 2.Nc3 e6 3.f4 d6 4.Nf3 Nc6 5.g3 Qc7 6.Bg2 a6 7.O-O Nf6 8.a4 Be7 9.
d3 Rb8 10.h3 O-O 11.g4 b5 12.axb5 axb5 13.g5 Ne8 14.Be3 g6 15.Nh4 Ng7 16.
f5 b4 17.f6 bxc3 18.fxe7 Qxe7 19.bxc3 Bb7 20.d4 f5 21.gxf6 Rxf6 22.Nf3 
Rff8 23.Qd2 Ra8 24.Bg5 Qc7 25.Nh2 Rxa1 26.Rxa1 cxd4 27.cxd4 Qb6 28.c3 Na5 
29.Rd1 Nc4 30.Qc1 e5 31.Kh1 Ne6 32.Bh6 Rf2 33.Ng4 Rf7 34.Rf1 Qc7 35.Nf6+ 
Kh8 36.d5 Nc5 37.Bg5 Nd3 38.Qd1 Ncb2 39.Qg4 Qc8 40.Qh4 Ba6 41.Bf3 Nf4 42.
Bg4 Qxc3 43.Ra1 Qd2 44.Bf3 Qe3 45.Bg4 Qd2 46.Bf3 Qe3 47.Bg4 Qd2 1/2-1/2

[Event "16th WCh U20 Girls"]
[Site "Kozhikode IND"]
[Date "1998.11.25"]
[Round "8"]
[White "Lakos, Nikoletta"]
[Black "Miroslawska, Monika"]
[Result "1/2-1/2"]
[WhiteElo "2385"]
[BlackElo "2470"]
[EventDate "1998.11.17"]
[PlyCount "51"]

1.e4 Nf6 2.e5 Nd5 3.d4 d6 4.c4 Nb6 5.exd6 exd6 6.Nc3 Be7 7.Be3 O-O 8.Qf3 
c6 9.Bd3 d5 10.c5 N6d7 11.Nge2 b6 12.b4 a5 13.b5 bxc5 14.bxc6 Nxc6 15.Nxd5
Ba6 16.Bxa6 Rxa6 17.O-O Nb4 18.dxc5 Nxd5 19.Qxd5 Nxc5 20.Qc4 Qd3 21.Rac1 
Qxc4 22.Rxc4 Nd3 23.Bd4 Rd8 24.Rb1 Re6 25.Ng3 Bf6 26.Be3 1/2-1/2

[Event "16th WCh U20 Girls"]
[Site "Kozhikode IND"]
[Date "1998.11.25"]
[Round "8"]
[White "Radziewicz, Iweta"]
[Black "Nguyen Thi Tuong Van"]
[Result "1-0"]
[WhiteElo "2425"]
[BlackElo "2220"]
[EventDate "1998.11.17"]
[PlyCount "81"]

1.c4 e6 2.d4 d5 3.Nc3 Nf6 4.cxd5 exd5 5.Bg5 Be7 6.e3 Nbd7 7.Qc2 c6 8.Bd3 
O-O 9.Nge2 Re8 10.O-O-O Ne4 11.Bxe7 Qxe7 12.Ng3 Ndf6 13.Rhe1 Bd7 14.Kb1 
Rac8 15.Bxe4 dxe4 16.f3 exf3 17.gxf3 Nd5 18.e4 Nxc3+ 19.Qxc3 b5 20.Rg1 b4 
21.Qc5 Kh8 22.Qxa7 Ra8 23.Qc5 Qxc5 24.dxc5 Be6 25.b3 Ra5 26.Nh5 g6 27.Nf4 
Rxc5 28.Rc1 Rxc1+ 29.Rxc1 Bd7 30.Rc5 Rd8 31.Kc2 Ra8 32.Kb2 Rd8 33.Nd3 Bh3 
34.Nxb4 Bg2 35.Rc3 Rd2+ 36.Rc2 Rxc2+ 37.Kxc2 Bxf3 38.Kd3 f5 39.exf5 gxf5 
40.Ke3 Be4 41.Nd3 1-0

[Event "16th WCh U20 Girls"]
[Site "Kozhikode IND"]
[Date "1998.11.25"]
[Round "8"]
[White "Swathi, Gathe"]
[Black "Dworakowska, Joanna"]
[Result "1-0"]
[WhiteElo "2190"]
[BlackElo "2390"]
[EventDate "1998.11.17"]
[PlyCount "67"]

1.e4 c5 2.Nf3 d6 3.d4 cxd4 4.Nxd4 Nf6 5.Nc3 a6 6.Be3 e6 7.Qd2 b5 8.f3 Bb7 
9.g4 Nfd7 10.O-O-O Nb6 11.Bf2 N8d7 12.h4 Rc8 13.Bd3 Ne5 14.Kb1 Be7 15.g5 
Nbc4 16.Qe1 b4 17.Nce2 d5 18.Nf4 O-O 19.exd5 Bxd5 20.Nxd5 Qxd5 21.Be4 Qa5 
22.f4 Ng6 23.Bxg6 hxg6 24.h5 e5 25.Ne6 b3 26.cxb3 fxe6 27.bxc4 Qxe1 28.
Bxe1 exf4 29.hxg6 Bxg5 30.Bc3 Bf6 31.Rh7 Rfd8 32.Rdh1 Kf8 33.Bxf6 gxf6 34.
Rb7 1-0

[Event "16th WCh U20 Girls"]
[Site "Kozhikode IND"]
[Date "1998.11.25"]
[Round "8"]
[White "Sheldon, Ruth"]
[Black "Hoang Thanh Trang"]
[Result "0-1"]
[WhiteElo "2220"]
[BlackElo "2350"]
[EventDate "1998.11.17"]
[PlyCount "106"]

1.d4 f5 2.Bg5 g6 3.Nd2 Bg7 4.e4 fxe4 5.Nxe4 Nf6 6.Nxf6+ exf6 7.Be3 d5 8.
Bd3 Nc6 9.Qd2 Be6 10.Ne2 Qd7 11.Nf4 Bf7 12.h4 Ne7 13.O-O-O O-O-O 14.Be2 
Nf5 15.Qa5 Kb8 16.Rd3 b6 17.Rb3 Nd6 18.Nd3 Nc4 19.Qa6 Qc8 20.Qxc8+ Kxc8 
21.h5 Rde8 22.Nf4 f5 23.Bf3 c6 24.g3 Bf6 25.Bg2 g5 26.Ne2 h6 27.Rd3 Re7 
28.b3 Nd6 29.Rdd1 Ne8 30.Kb1 Ng7 31.Bf3 g4 32.Bg2 Nxh5 33.Rh2 Bg5 34.Bxg5 
hxg5 35.Nc1 Rhe8 36.Nd3 f4 37.Ne5 fxg3 38.fxg3 Nxg3 39.Rh6 Kb7 40.c4 Ne2 
41.Nxc6 Rc7 42.Rf1 Nf4 43.Ne5 Nxg2 44.Nxf7 Re1+ 45.Rxe1 Nxe1 46.Nd6+ Ka6 
47.Re6 Nf3 48.cxd5 g3 49.Re2 Nh4 50.Re3 g2 51.Rg3 Re7 52.b4 Re1+ 53.Kb2 b5
0-1

[Event "16th WCh U20 Girls"]
[Site "Kozhikode IND"]
[Date "1998.11.25"]
[Round "8"]
[White "Xu Yuanyuan"]
[Black "Shah, Pallavi G."]
[Result "1-0"]
[WhiteElo "2240"]
[BlackElo "2130"]
[EventDate "1998.11.17"]
[PlyCount "73"]

1.d4 Nf6 2.c4 c5 3.d5 b5 4.Nd2 bxc4 5.e4 d6 6.Bxc4 g6 7.b3 Bg7 8.Bb2 O-O 
9.Ngf3 Ba6 10.Bxa6 Nxa6 11.O-O Nc7 12.Re1 Qd7 13.Nc4 Rfb8 14.Qd2 a5 15.
Nxa5 Nxe4 16.Rxe4 Bxb2 17.Qxb2 Rxa5 18.Rae1 e5 19.dxe6 Nxe6 20.Qd2 Ra7 21.
h3 Re8 22.Rd1 Rd8 23.Rde1 Re8 24.a4 Raa8 25.Ne5 Qd8 26.Ng4 h5 27.Ne3 Qa5 
28.b4 cxb4 29.Nd5 Rf8 30.Rxe6 fxe6 31.Rxe6 Ra7 32.Rxg6+ Rg7 33.Rxg7+ Kxg7 
34.Qg5+ Kh8 35.Qh6+ Kg8 36.Qg6+ Kh8 37.Ne7 1-0

[Event "16th WCh U20 Girls"]
[Site "Kozhikode IND"]
[Date "1998.11.25"]
[Round "8"]
[White "Kouvatsou, Maria"]
[Black "Jackova, Jana"]
[Result "1-0"]
[WhiteElo "2120"]
[BlackElo "2205"]
[EventDate "1998.11.17"]
[PlyCount "49"]

1.e4 e5 2.Nf3 Nc6 3.Bc4 Bc5 4.c3 Qe7 5.b4 Bb6 6.a4 a6 7.d3 d6 8.Nbd2 Nf6 
9.Ba2 Nh5 10.Nc4 Ba7 11.b5 Nd8 12.Nfxe5 Qh4 13.b6 dxe5 14.bxa7 Bg4 15.Qd2 
Nf4 16.Ne3 Qh5 17.Ba3 Be2 18.Bc4 Nde6 19.f3 Ng5 20.Qb2 Rxa7 21.Qb4 Kd8 22.
Qe7+ Kc8 23.Nd5 Nxd5 24.exd5 Bxf3 25.gxf3 1-0

[Event "16th WCh U20 Girls"]
[Site "Kozhikode IND"]
[Date "1998.11.25"]
[Round "8"]
[White "Ramaswamy, Aarthie"]
[Black "Le Thi Phuong Lien"]
[Result "1-0"]
[WhiteElo "2035"]
[BlackElo "2135"]
[EventDate "1998.11.17"]
[PlyCount "101"]

1.e4 c6 2.d4 d5 3.Nc3 dxe4 4.Nxe4 Bf5 5.Ng3 Bg6 6.Nf3 Nd7 7.h4 h6 8.h5 Bh7
9.Bd3 Bxd3 10.Qxd3 e6 11.Bd2 Qc7 12.O-O-O Ngf6 13.c4 O-O-O 14.Bc3 Bd6 15.
Ne4 Nxe4 16.Qxe4 Nf6 17.Qe2 c5 18.Ne5 Rhe8 19.Kb1 Kb8 20.f4 Ng8 21.dxc5 
Bxc5 22.g3 Ka8 23.Nf3 f6 24.Rxd8+ Qxd8 25.Rd1 Qc8 26.Nd4 Bxd4 27.Rxd4 Ne7 
28.g4 Nc6 29.Rd3 Re7 30.Qd1 a6 31.a3 Qc7 32.Qf3 e5 33.fxe5 Nxe5 34.Bxe5 
Rxe5 35.Rd4 Qc5 36.Qd3 Ka7 37.Ka2 f5 38.gxf5 Rxf5 39.Rd5 Rxd5 40.cxd5 b5 
41.d6 Qc8 42.Qd4+ Kb8 43.d7 Qd8 44.Qxg7 Kc7 45.Qxh6 Qxd7 46.Qc1+ Kb6 47.h6
Qf7+ 48.Ka1 Qh7 49.Qg1+ Kc6 50.Qg7 Qe4 51.h7 1-0

[Event "16th WCh U20 Girls"]
[Site "Kozhikode IND"]
[Date "1998.11.25"]
[Round "8"]
[White "Stumberger, Tania"]
[Black "Riznar, Helena"]
[Result "1/2-1/2"]
[WhiteElo "2020"]
[BlackElo "2025"]
[EventDate "1998.11.17"]
[PlyCount "69"]

1.d4 d5 2.c4 e6 3.Nc3 Be7 4.Nf3 Nf6 5.Bg5 h6 6.Bh4 O-O 7.e3 b6 8.cxd5 Nxd5
9.Bxe7 Qxe7 10.Rc1 Nxc3 11.Rxc3 Bb7 12.Be2 Rc8 13.O-O Nd7 14.Qa4 c5 15.
Rfc1 e5 16.dxc5 Rxc5 17.Rxc5 Nxc5 18.Qa3 a5 19.Qc3 e4 20.Qe5 Re8 21.Qxe7 
Rxe7 22.Nd4 Ne6 23.Nxe6 Rxe6 24.Rc7 Bd5 25.a3 Rc6 26.Rxc6 Bxc6 27.Kf1 Kf8 
28.h4 Ke7 29.Ke1 Kd6 30.Kd2 g5 31.hxg5 hxg5 32.Kc3 Ke5 33.Ba6 f5 34.g3 Bd7
35.Be2 1/2-1/2

[Event "16th WCh U20 Girls"]
[Site "Kozhikode IND"]
[Date "1998.11.26"]
[Round "9"]
[White "Miroslawska, Monika"]
[Black "Swathi, Gathe"]
[Result "1-0"]
[WhiteElo "2470"]
[BlackElo "2190"]
[EventDate "1998.11.17"]
[PlyCount "65"]

1.Nf3 Nf6 2.c4 e6 3.Nc3 b6 4.e4 d6 5.d4 c5 6.Be2 cxd4 7.Nxd4 Bb7 8.f3 Be7 
9.O-O O-O 10.Be3 a6 11.a4 Nbd7 12.a5 bxa5 13.Nb3 a4 14.Rxa4 Qc7 15.Na5 
Rfb8 16.Ra2 Bc8 17.f4 e5 18.Nd5 Nxd5 19.cxd5 exf4 20.Bxf4 Ne5 21.Kh1 Bd7 
22.Qd2 Bf6 23.Rc1 Qd8 24.Nc6 Bxc6 25.dxc6 Rc8 26.Qd5 Qb6 27.Bxe5 Bxe5 28.
b4 Qf2 29.Rf1 Qh4 30.g3 Bxg3 31.Bxa6 Ra7 32.b5 h6 33.Rg2 1-0

[Event "16th WCh U20 Girls"]
[Site "Kozhikode IND"]
[Date "1998.11.26"]
[Round "9"]
[White "Radziewicz, Iweta"]
[Black "Werner, Isabel"]
[Result "1-0"]
[WhiteElo "2425"]
[BlackElo "2195"]
[EventDate "1998.11.17"]
[PlyCount "77"]

1.d4 c5 2.d5 e5 3.e4 d6 4.Nc3 Be7 5.Bb5+ Nd7 6.a4 Bg5 7.Nf3 Bxc1 8.Qxc1 
Ne7 9.O-O O-O 10.Nd2 f5 11.Bxd7 Bxd7 12.Nc4 Rf6 13.f4 exf4 14.exf5 Bxf5 
15.Rxf4 Qd7 16.Qd2 Raf8 17.Raf1 Qd8 18.Nb5 Qd7 19.Nbxd6 Qxa4 20.Ne3 Qd7 
21.Ndxf5 Nxf5 22.Ng4 Rd6 23.Ne3 Rdf6 24.Nxf5 Rxf5 25.Rxf5 Rxf5 26.Rxf5 
Qxf5 27.d6 Qd7 28.Qd5+ Kf8 29.Qxc5 a6 30.b4 Kf7 31.Qd5+ Kf6 32.c4 h6 33.c5
Kg6 34.Qe4+ Kf6 35.g4 g6 36.h4 h5 37.Qf4+ Kg7 38.gxh5 gxh5 39.Qe5+ 1-0

[Event "16th WCh U20 Girls"]
[Site "Kozhikode IND"]
[Date "1998.11.26"]
[Round "9"]
[White "Sheldon, Ruth"]
[Black "Lakos, Nikoletta"]
[Result "0-1"]
[WhiteElo "2220"]
[BlackElo "2385"]
[EventDate "1998.11.17"]
[PlyCount "58"]

1.d4 Nf6 2.c4 e6 3.Nc3 Bb4 4.Bg5 c5 5.d5 Bxc3+ 6.bxc3 d6 7.e3 Qe7 8.Nf3 e5
9.Qc2 h6 10.Bh4 O-O 11.Nd2 g5 12.Bg3 e4 13.Be2 Bf5 14.Rb1 Bg6 15.h4 b6 16.
a4 Nbd7 17.a5 Ne8 18.Qa4 Rc8 19.hxg5 hxg5 20.Bh5 Bh7 21.Ke2 Ng7 22.axb6 
Nxb6 23.Qd1 f5 24.Qg1 f4 25.exf4 gxf4 26.Bg4 fxg3 27.fxg3 e3 28.Nf3 Qe4 
29.Rxh7 Qc2+ 0-1

[Event "16th WCh U20 Girls"]
[Site "Kozhikode IND"]
[Date "1998.11.26"]
[Round "9"]
[White "Ratcu, Tatiana"]
[Black "Vijayalakshmi, Subbaraman"]
[Result "0-1"]
[WhiteElo "2195"]
[BlackElo "2335"]
[EventDate "1998.11.17"]
[PlyCount "82"]

1.d4 Nf6 2.Nf3 e6 3.Nbd2 d5 4.e3 b6 5.Bd3 Bb7 6.O-O Be7 7.Qe2 O-O 8.e4 
dxe4 9.Nxe4 Nbd7 10.Nxf6+ Bxf6 11.Rd1 Qe7 12.Bf4 Rfc8 13.c3 g6 14.Bc2 c5 
15.dxc5 e5 16.cxb6 axb6 17.Be3 Nc5 18.Bxc5 bxc5 19.Be4 Ba6 20.c4 Ra7 21.
Rd2 Bg7 22.Bd5 Kh8 23.Re1 Re8 24.Bc6 Rc8 25.Bd5 Re8 26.Qe3 h6 27.Rde2 Qc7 
28.Qd2 Kh7 29.h4 Bc8 30.b3 f5 31.Nh2 e4 32.Nf1 Bd4 33.Ne3 Qe7 34.g3 Qe5 
35.Rd1 g5 36.hxg5 hxg5 37.Ng2 Kg6 38.Qc2 Rh7 39.Ne3 Qh8 40.f4 Rh1+ 41.Kf2 
Qh2# 0-1

[Event "16th WCh U20 Girls"]
[Site "Kozhikode IND"]
[Date "1998.11.26"]
[Round "9"]
[White "Dworakowska, Joanna"]
[Black "Dokmanovic, Nina"]
[Result "1/2-1/2"]
[WhiteElo "2390"]
[BlackElo "2120"]
[EventDate "1998.11.17"]
[PlyCount "57"]

1.e4 e5 2.Nf3 Nc6 3.Bb5 a6 4.Ba4 Nf6 5.O-O Nxe4 6.d4 b5 7.Bb3 d5 8.dxe5 
Be6 9.Be3 Nc5 10.Nc3 Nxb3 11.cxb3 Be7 12.Rc1 Qd7 13.Qd2 h6 14.Nb1 Bg4 15.
Nd4 Nxd4 16.Bxd4 O-O 17.b4 c6 18.a3 f6 19.f3 Bf5 20.Nc3 Rae8 21.exf6 Bxf6 
22.Rfe1 Bd8 23.Rxe8 Rxe8 24.Ne2 Bc7 25.Bf2 Be5 26.Bd4 Bd6 27.Bf2 Be5 28.
Bc5 Bd6 29.Bd4 1/2-1/2

[Event "16th WCh U20 Girls"]
[Site "Kozhikode IND"]
[Date "1998.11.26"]
[Round "9"]
[White "Nguyen Thi Tuong Van"]
[Black "Khamrakulova, Iroda"]
[Result "1/2-1/2"]
[WhiteElo "2220"]
[BlackElo "2145"]
[EventDate "1998.11.17"]
[PlyCount "85"]

1.e4 c5 2.Nc3 Nc6 3.g3 g6 4.Bg2 Bg7 5.Nge2 e6 6.d3 Nge7 7.Be3 Nd4 8.O-O 
O-O 9.Rb1 Nec6 10.f4 d6 11.a3 a5 12.h3 Rb8 13.g4 b5 14.Ng3 b4 15.axb4 axb4
16.Nce2 Ba6 17.c3 Nxe2+ 18.Nxe2 Qb6 19.c4 f5 20.Ng3 Nd4 21.Kh2 fxe4 22.
Bxe4 Rbd8 23.f5 exf5 24.gxf5 Bb7 25.fxg6 Bxe4 26.Nxe4 hxg6 27.Qg4 d5 28.
cxd5 Rxd5 29.Rxf8+ Bxf8 30.Bg5 Rf5 31.Qg3 Qe6 32.Re1 Qd5 33.Be3 Kf7 34.Ra1
Nc6 35.Ra6 Nd4 36.Qh4 Ne6 37.Qh7+ Bg7 38.Nd6+ Ke7 39.Nc4 Kf7 40.Nd6+ Kf6 
41.Nc4 Kf7 42.Nd6+ Kf6 43.Nc4 1/2-1/2

[Event "16th WCh U20 Girls"]
[Site "Kozhikode IND"]
[Date "1998.11.26"]
[Round "9"]
[White "Meenakshi, Subbaraman"]
[Black "Xu Yuanyuan"]
[Result "0-1"]
[WhiteElo "2115"]
[BlackElo "2240"]
[EventDate "1998.11.17"]
[PlyCount "99"]

1.d4 d5 2.c4 c6 3.Nf3 Nf6 4.Nc3 dxc4 5.a4 Bf5 6.e3 e6 7.Bxc4 Bb4 8.O-O O-O
9.Ne2 Nbd7 10.Ng3 Bg6 11.Nh4 c5 12.Nxg6 hxg6 13.Ne2 Qa5 14.b3 Rfd8 15.Qc2 
cxd4 16.exd4 Rac8 17.Qa2 Nb6 18.Rb1 Ne4 19.Be3 Bd6 20.f3 Nc3 21.Nxc3 Qxc3 
22.Bf2 Bf4 23.a5 Nd5 24.a6 b5 25.Bxd5 Rxd5 26.Qe2 Rc6 27.g3 Bg5 28.f4 Bf6 
29.Rbc1 Qxc1 30.Rxc1 Rxc1+ 31.Kg2 Rc6 32.Qd3 Rxa6 33.Qc2 Rad6 34.Qc8+ Kh7 
35.Qb7 Rd7 36.Qc6 Bd8 37.h4 Bb6 38.Kh3 b4 39.Qc2 Rc7 40.Qe4 Rc3 41.Qb1 
Bxd4 42.Be1 Re3 43.Bd2 Rf3 44.Bxb4 Bf2 45.Kg2 Rdd3 46.h5 gxh5 47.Kh1 Kg6 
48.g4 f6 49.f5+ exf5 50.Qc2 0-1

[Event "16th WCh U20 Girls"]
[Site "Kozhikode IND"]
[Date "1998.11.26"]
[Round "9"]
[White "Swati, Mohota"]
[Black "Ciuksyte, Zivile"]
[Result "0-1"]
[WhiteElo "2100"]
[BlackElo "2120"]
[EventDate "1998.11.17"]
[PlyCount "64"]

1.d4 d5 2.c4 dxc4 3.Nf3 Nf6 4.e3 Bg4 5.Bxc4 e6 6.O-O Nbd7 7.Nbd2 Bd6 8.e4 
e5 9.Qb3 O-O 10.dxe5 Nxe5 11.Nxe5 Bxe5 12.f4 Bd4+ 13.Kh1 Bh5 14.h3 b5 15.
Bxb5 Rb8 16.Qd3 Bxb2 17.Bxb2 Qxd3 18.Bxd3 Rfd8 19.Bxf6 Rxd3 20.Bxg7 Kxg7 
21.Nb3 f6 22.Rae1 Rbd8 23.Nc5 R3d6 24.e5 fxe5 25.fxe5 Rb6 26.e6 Re8 27.a4 
Bg6 28.a5 Rd6 29.Kh2 Rd4 30.Kg1 Bf5 31.Na6 Ra4 32.Nxc7 Re7 0-1

[Event "16th WCh U20 Girls"]
[Site "Kozhikode IND"]
[Date "1998.11.26"]
[Round "9"]
[White "Bekiarisova, Alena"]
[Black "Sorli, Maja"]
[Result "0-1"]
[WhiteElo "2175"]
[BlackElo "2010"]
[EventDate "1998.11.17"]
[PlyCount "86"]

1.e4 e5 2.Nf3 Nf6 3.Nxe5 d6 4.Nf3 Nxe4 5.d4 d5 6.Bd3 Nc6 7.O-O Be7 8.c4 
Nb4 9.Be2 Bf5 10.Na3 dxc4 11.Bxc4 O-O 12.Qb3 a5 13.Bf4 c6 14.Rfe1 b5 15.
Bf1 Nd5 16.Be5 a4 17.Qd1 Bb4 18.Re2 Bxa3 19.bxa3 Nec3 20.Qc1 Nxe2+ 21.Bxe2
Re8 22.Bf1 Re6 23.Bg3 Qb6 24.Qg5 Be4 25.Qd2 h6 26.Ne5 Rd8 27.Re1 Bf5 28.
Bh4 Nf6 29.Nf3 Rxe1 30.Qxe1 Re8 31.Qd2 Be4 32.Ne5 Rd8 33.Ng4 Bg6 34.Bxf6 
gxf6 35.Nxf6+ Kg7 36.Ng4 Rd5 37.Qxh6+ Kg8 38.Qh4 Rxd4 39.Nf6+ Kg7 40.Ne8+ 
Kg8 41.Nf6+ Kf8 42.Qh6+ Ke7 43.Qg5 Ke6 0-1

[Event "16th WCh U20 Girls"]
[Site "Kozhikode IND"]
[Date "1998.11.26"]
[Round "9"]
[White "Shah, Pallavi G."]
[Black "Ramaswamy, Aarthie"]
[Result "1-0"]
[WhiteElo "2130"]
[BlackElo "2035"]
[EventDate "1998.11.17"]
[PlyCount "55"]

1.e4 c5 2.Nf3 Nc6 3.d4 cxd4 4.Nxd4 Nf6 5.Nc3 d6 6.Bc4 e6 7.Be3 Be7 8.f4 a6
9.Bb3 O-O 10.Qf3 Qc7 11.O-O-O Nd7 12.f5 Nc5 13.g4 b5 14.Nxc6 Qxc6 15.Bd5 
exd5 16.Nxd5 Re8 17.g5 Bb7 18.Rdg1 Rac8 19.c3 Qd7 20.Nf6+ Bxf6 21.gxf6 g6 
22.Qh3 Rxe4 23.Qh6 Ne6 24.fxe6 fxe6 25.Rxg6+ hxg6 26.Qxg6+ Kh8 27.f7 Rh4 
28.Rg1 1-0

[Event "16th WCh U20 Girls"]
[Site "Kozhikode IND"]
[Date "1998.11.26"]
[Round "9"]
[White "Sanchez Castillo, Sarai"]
[Black "Stumberger, Tania"]
[Result "1-0"]
[WhiteElo "2075"]
[BlackElo "2020"]
[EventDate "1998.11.17"]
[PlyCount "43"]

1.e4 d6 2.d4 Nf6 3.Nc3 g6 4.Bc4 Bg7 5.Bf4 O-O 6.Nf3 c6 7.e5 Nh5 8.Qd2 Nxf4
9.Qxf4 d5 10.Bd3 a5 11.h4 Qd7 12.h5 Qg4 13.Qe3 b5 14.O-O-O Na6 15.Rh4 Qd7 
16.Rdh1 f5 17.hxg6 hxg6 18.Qg5 f4 19.Rxf4 Qd8 20.e6 Rf6 21.Rfh4 Nc7 22.
Rh8+ 1-0

[Event "16th WCh U20 Girls"]
[Site "Kozhikode IND"]
[Date "1998.11.27"]
[Round "10"]
[White "Vijayalakshmi, Subbaraman"]
[Black "Radziewicz, Iweta"]
[Result "0-1"]
[WhiteElo "2335"]
[BlackElo "2425"]
[EventDate "1998.11.17"]
[PlyCount "68"]

1.c4 c5 2.Nc3 b6 3.Nf3 e6 4.e3 Nf6 5.Be2 Be7 6.O-O O-O 7.d4 d6 8.e4 cxd4 
9.Nxd4 Bb7 10.f3 a6 11.Qe1 Nbd7 12.Qg3 Rc8 13.Be3 Ne5 14.b3 b5 15.f4 Ned7 
16.f5 e5 17.Bh6 Ne8 18.Nc2 Ndf6 19.Kh1 Kh8 20.Bg5 Nxe4 21.Nxe4 Bxe4 22.
Bxe7 Qxe7 23.Ne3 bxc4 24.bxc4 Nf6 25.Rae1 Qb7 26.Bf3 Bxf3 27.Rxf3 Qb2 28.
Qh4 Qd4 29.Qh3 Rb8 30.g4 Ne4 31.Qh4 g5 32.Qh6 f6 33.Nd5 Nf2+ 34.Kg2 Nxg4 
0-1

[Event "16th WCh U20 Girls"]
[Site "Kozhikode IND"]
[Date "1998.11.27"]
[Round "10"]
[White "Hoang Thanh Trang"]
[Black "Lakos, Nikoletta"]
[Result "1/2-1/2"]
[WhiteElo "2350"]
[BlackElo "2385"]
[EventDate "1998.11.17"]
[PlyCount "54"]

1.d4 Nf6 2.c4 e6 3.Nc3 Bb4 4.Qc2 b6 5.a3 Bxc3+ 6.Qxc3 Ba6 7.Bg5 d6 8.e3 
Nbd7 9.Bd3 h6 10.Bh4 c5 11.b4 cxd4 12.exd4 e5 13.Qb3 O-O 14.Ne2 Rc8 15.Rc1
exd4 16.O-O Ne5 17.b5 Bb7 18.Bf5 Rc5 19.Nxd4 d5 20.cxd5 Rxd5 21.Bg3 Rxd4 
22.Bxe5 Qd5 23.Qxd5 Rxd5 24.Bxf6 Rxf5 25.Be7 Rc8 26.a4 Rxc1 27.Rxc1 Rd5 
1/2-1/2

[Event "16th WCh U20 Girls"]
[Site "Kozhikode IND"]
[Date "1998.11.27"]
[Round "10"]
[White "Houska, Jovanka"]
[Black "Xu Yuanyuan"]
[Result "0-1"]
[WhiteElo "2190"]
[BlackElo "2240"]
[EventDate "1998.11.17"]
[PlyCount "82"]

1.e4 c6 2.d4 d5 3.e5 Bf5 4.Nf3 e6 5.Be2 c5 6.Be3 cxd4 7.Nxd4 Ne7 8.O-O 
Nbc6 9.Bb5 a6 10.Bxc6+ bxc6 11.c4 dxc4 12.Qa4 Bd3 13.Nc3 Qd7 14.Rfc1 Nd5 
15.b3 Nxe3 16.fxe3 Bc5 17.Kh1 Bxd4 18.exd4 O-O 19.bxc4 Qxd4 20.c5 Qxc5 21.
Qf4 Rab8 22.Ne4 Qb4 23.Re1 Rfd8 24.Qf3 Bxe4 25.Rxe4 Qb1+ 26.Re1 Qb5 27.h3 
h6 28.Rac1 Rd5 29.Qe4 c5 30.Rb1 Qe8 31.Kh2 Rb5 32.a4 Rb8 33.Qc4 Rxe5 34.
Qf4 Rxb1 35.Rxb1 Rf5 36.Qd6 Qxa4 37.Qd8+ Kh7 38.Qd3 Qf4+ 39.Kh1 c4 40.Qc2 
g6 41.Rb7 Qd4 0-1